La aplicación del Seguro Social a los trabajadores agrícolas, a los independientes y al personal doméstico
Uloženo v:
| Hlavní autoři: | , , |
|---|---|
| Médium: | Kniha |
| Jazyk: | španělština |
| Vydáno: |
Santiago
Ministerio de Salubridad, Previsión y Asistencia Social
1942
|
| Edice: | Informe I, 1
|
| Témata: | |
| Tagy: |
Přidat tag
Žádné tagy, Buďte první, kdo vytvoří štítek k tomuto záznamu!
|
MARC
| LEADER | 00000nam a2200000 a 4500 | ||
|---|---|---|---|
| 001 | UCS2254 | ||
| 003 | CL-VaPUC | ||
| 005 | 20230525074429.0 | ||
| 008 | 970523e19420000cl 1 spa d | ||
| 082 | 0 | 4 | |a 344.02 |b BUS |2 21 |
| 100 | 1 | |a Bustos A., Julio |e author |9 618435 | |
| 700 | 1 | |a Vizcarra, José |e author |9 618436 | |
| 700 | 1 | |a Viado, Manuel de |e author |9 618437 | |
| 245 | 1 | 3 | |a La aplicación del Seguro Social a los trabajadores agrícolas, a los independientes y al personal doméstico |
| 260 | |a Santiago |b Ministerio de Salubridad, Previsión y Asistencia Social |c 1942 | ||
| 300 | |a 22 p | ||
| 490 | 0 | |a Informe I, 1 | |
| 583 | |a last modification |c 20170712 11:52:14 |k Rodrigo Vera | ||
| 650 | 0 | 7 | |a DERECHO LABORAL |2 CL-VaPUC |9 15 |
| 650 | 0 | 0 | |a Seguridad social |9 255322 |
| 650 | 0 | 0 | |a Bienestar social |9 255298 |
| 650 | 0 | 0 | |a Trabajadores |9 260887 |
| 650 | 0 | 7 | |a COTIZACIONES PREVISIONALES |2 CL-VaPUC |9 387435 |
| 650 | 0 | 7 | |a PROTECCION A LA SALUD |2 CL-VaPUC |9 618438 |
| 651 | 7 | |a CHILE |2 CL-VaPUC |9 618439 | |
| 942 | |c BK | ||
| 945 | |a cmena |d 19970523 00:00:00 | ||
| 546 | |a En Español | ||
| 518 | |p Congreso Interamericano de Previsión Social, Santiago, 10 al 16 de Septiembre de 1942 | ||
| 999 | |c 382947 |d 382945 | ||
| 952 | |0 0 |1 0 |2 ddc |4 0 |6 344_020000000000000_BUS_1942 |7 0 |8 A |9 504896 |a BIBDER |b BIBDER |d 2020-01-23 |i 1858521 |o 344.02 BUS 1942 |p 1858521 |r 2023-01-25 |w 2020-01-23 |y MX |k DER | ||
| 952 | |0 0 |1 0 |2 ddc |4 0 |6 344_020000000000000_BUS_1942 |7 0 |8 A |9 504897 |a BIBDER |b BIBDER |d 2020-01-23 |i 185853K |o 344.02 BUS 1942 |p 185853K |r 2023-01-25 |w 2020-01-23 |y MX |k DER | ||